Celebration (CD áudio) (Registo nº 202448)

Detalhes MARC
000 -Etiqueta do registo
Valores 00371nam 22001573 4500
100 ## - Dados gerais de processamento
Dados gerais 20260605d u||y0pory50 ba
200 ## - Titulo e menção de responsabilidade
Título próprio Celebration (CD áudio)
Primeira menção de responsabilidade Ian Lynn
210 ## - Publicação
Nome do editor EMI Records
Data de publicação 1985
215 ## - Descrição física 
Outras indicações físicas 1 cd áudio
606 ## - Nome comum usado como assunto
ID Autoridade 1103
Palavra de ordem Música
675 ## - CDU
Notação 78
700 ## - Autor principal (pessoa individual)
ID Autoridade 17454
Apelido Lynn
Nome Ian
801 ## - Fonte de origem
País PT
Agência BMMN
Regras de catalogação RPC
990 ## - Elementos KOHA
Tipo de documento CD Música
Exemplares
Aquisição Código de barras Cota Permissão de empréstimo Tipo de documento Empréstimo Forma de aquisição
Biblioteca Municipal de Montemor-o-Novo 31937 78 LYN (est)|DEP   CD Música Biblioteca Municipal de Montemor-o-Novo Compra

Powered by Koha